00209nam a2200085 4500082001000000100002100010245003300031260005200064300000700116 bD0175 aPerera H.Jessica aUtilization of Pumpkin Seeds aRajagiriyabInstitute of Chemistry Ceylonc2013 a55